Puentes, no muros: Contribuciones para una política progresista en migraciones
Uloženo v:
| Hlavní autor: | |
|---|---|
| Médium: | Kniha |
| Jazyk: | Spanish |
| Vydáno: |
Buenos Aires
CLACSO
2020
|
| Tagy: |
Přidat tag
Žádné tagy, Buďte první, kdo vytvoří štítek k tomuto záznamu!
|
MARC
| LEADER | 00000nam a22000007a 4500 | ||
|---|---|---|---|
| 003 | cru CIDCACS/IIS | ||
| 005 | 20220824062547.0 | ||
| 008 | 210413b2020 ||||| |||| 00| 0 spa d | ||
| 020 | |a 978-9930-574-14-0 | ||
| 040 | |a CIDCACS/IIS | ||
| 090 | |a 14.07.01 S218p | ||
| 100 | 1 | |a Sandoval García, Carlos |c Editor |9 1029 | |
| 245 | 1 | |a Puentes, no muros: |b Contribuciones para una política progresista en migraciones | |
| 260 | |a Buenos Aires |b CLACSO |c 2020 | ||
| 300 | |a I-XIII + 191 páginas | ||
| 500 | |a Colección Centroamérica Colección del Instituto de Investigaciones Sociales | ||
| 942 | |2 ddc |c LI | ||
| 999 | |c 43642 |d 43642 | ||



